Manual de mantenimiento y rehabilitación de armadillos / (Registro nro. 18047)

Detalles MARC
000 -CABECERA
Campo de control 00991nam a22002537a 4500
005 - FECHA Y HORA DE LA ULTIMA TRANSACCION
Campo de control 20200104041736.0
008 - ELEMENTOS DE LONGITUD FIJA—INFORMACION GENERAL
Campo de control 160129b2014 ck ado fr|||| 00| 0 spa d
020 ## - ISBN
ISBN 9789588554372
040 ## - FUENTE DE CATALOGACIÓN
Agencia catalogadora original CO-BoIAVH
Agencia transcriptora CO-BoIAVH
041 0# - IDIOMA
Código de idioma para texto/pista de sonido o título separado Español
044 ## - PAÍS DE PUBLICACIÓN
País de publicación Colombia
082 04 - NUMERO DE CLASIFICACION DECIMAL DEWEY
Número de clasificación 599.312
Número del ítem S95m
100 1# - ASIENTO PRINCIPAL--NOMBRE PERSONAL
Nombre personal Superina,Mariella
9 (RLIN) 55396
245 00 - MENCION DE TITULO
Título Manual de mantenimiento y rehabilitación de armadillos /
Mención de responsabilidad por Mariella Superina [y otros 4].
260 ## - PUBLICACION, DISTRIBUCION, ETC. (PIE DE IMPRENTA)
Lugar de publicación, distribución, etc. Bogotá (Colombia) :
Nombre del editor, distribuidor, etc. Fundación Omacha :
-- ODL :
-- Cormacarena :
-- Corporinoquia :
-- Corpometa :
-- Bioparque los Ocarros :
Fecha de publicación, distribución, etc. 2014.
300 ## - DESCRIPCION FISICA
Extensión 96 páginas :
Otros detalles físicos ilustraciones, tablas, fotografías a color ;
Dimensiones 21 x 19 cm.
650 #6 - ASIENTO SECUNDARIO DE MATERIA - TERMINO TEMATICO
Término temático o nombre geográfico como elemento de entrada Armadillo
Subdivisión general Conservación
Subdivisión de forma Manuales
9 (RLIN) 55403
650 #6 - ASIENTO SECUNDARIO DE MATERIA - TERMINO TEMATICO
Término temático o nombre geográfico como elemento de entrada Armadillo
Subdivisión general Rehabilitación
Subdivisión de forma Manuales
9 (RLIN) 55404
650 #6 - ASIENTO SECUNDARIO DE MATERIA - TERMINO TEMATICO
Término temático o nombre geográfico como elemento de entrada Armadillo
Subdivisión general Ciranza protegida
Subdivisión de forma Manuales
9 (RLIN) 55405
700 1# - ASIENTO SECUNDARIO - NOMBRE PERSONAL
Nombre personal Brieva R., Claudia
9 (RLIN) 55400
700 1# - ASIENTO SECUNDARIO - NOMBRE PERSONAL
Nombre personal Aguilar, Roberto F.
9 (RLIN) 55401
700 1# - ASIENTO SECUNDARIO - NOMBRE PERSONAL
Nombre personal Trujillo, Fernando
9 (RLIN) 366
942 ## - ELEMENTOS ADICIONALES (KOHA)
Sistema de clasificación Dewey Decimal Classification
Tipo de ítem Libro
Existencias
Withdrawn status Lost status Sistema de Clasificación Damaged status No para préstamo Colección Inventariado Ubicación Permanente Ubicación actual Fecha de adquisición Fuente de Valor Valor Total Checkouts Número topográfico Inventario / Código de Barras Date last seen Ejemplar Price effective from Forma de adquisición Tipo de material
    Dewey Decimal Classification     General Inventariado 2017 Bogotá Bogotá 29/01/2016 Instituto 39000.00   LB-599.312 S95m 039640 29/01/2016 Ej. 1 29/01/2016   Libro